Complétez le titre du film Disney - Statistiques

Statistiques générales
  • Ce quiz a été pris 519 fois
  • Le résultat moyen est 28 sur 40
Statistiques - réponses
Hint Réponse % Correct
La ____ des neiges Reine
87%
Lilo et ____ Stitch
86%
Blanche-Neige et les Sept ____ Nains
85%
____ l'Enchanteur Merlin
84%
Le ____ lion Roi
84%
La Petite ____ Sirène
84%
____ Pattes 1001
83%
____ au pays des merveilles Alice
83%
La Belle et la ____ Bête
83%
Le ____ de Notre-Dame Bossu
83%
____ et Rouky Rox
83%
Les ____ Dalmatiens 101
82%
La Princesse et la ____ Grenouille
82%
Le ____ de la jungle Livre
82%
La ____ au bois dormant Belle
81%
____ des Bois Robin
79%
Le Voyage d'____ Arlo
78%
Les Aventures de ____ et Bianca Bernard
78%
La Belle et le ___ Clochard
76%
L'Étrange Noël de monsieur ____ Jack
75%
Qui veut la peau de ____ Rabbit Roger
75%
____, l'empereur mégalo Kuzco
73%
Le Monde de ____ Nemo
73%
____ : La Fantastique Famille Madrigal Encanto
71%
____, une légende indienne Pocahontas
68%
____, l'empire perdu Atlantide
66%
____, star malgré lui Volt
64%
Les Trois ____ Caballeros
63%
____ le chat, le film Félix
63%
Fantasia ____ 2000
60%
____, détective privé Basil
60%
Les Mondes de ____ Ralph
56%
____, la Légende du bout du monde Vaiana
56%
____ et Elliott le dragon Peter
55%
____ et Compagnie Oliver
54%
____ et le Chaudron magique Taram
53%
Le Retour de ____ Jafar
52%
Le Drôle de Noël de ____ Scrooge
48%
____, pigeon de combat ! Vaillant
43%
Le ____ Grille-pain courageux Petit
41%
Aucun quiz correspondant
Distribution des résultats
% des personnes avec chaque résultat
Percentile par nombre de réponses
Votre historique - résultats
Vous n’avez pas pris ce quiz